000
00317nas a2200121Ia 4500
008
150201s2012 xx 000 0 und d
245
_a
Medical clinics of North America (MCNA)
260
_c
2012
310
_a
Bio-Monthly
500
_a
INTERNATIONAL
650
_a
Other Clinical & Non Clinical Books
942
_2
ddc
_c
LJ
999
_c
6215
_d
6215